000 00504nam a2200157Ia 4500
003 SGT
020 _a9789380027623
082 _a621.3
_bGUP
100 _aGupta,J.B
245 2 _aA textbook of electrical technology
260 _bS.K. Kataria & SONS
_aN.Delhi
_c2009
300 _a494p.
650 _aELECTRONICS ENGINEERING
653 _aDC CIRCUITS, NETWORK THEOREMS, SINGLE PHASE AC CIRCUITS, THREE PHASE AC CIRCUITS AND TRANSFORMERS, ELECTRICAL MACHINES AND MEASURING INSTRUMENTS
942 _2ddc
_cBK
999 _c4904
_d4904